书目信息 |
| 题名: |
课程与教学评论
|
|
| 作者: | 杨启亮 , 李如密 主编 ;课程与教学评论编委会 编 | |
| 分册: | 第6辑 | |
| 出版信息: | 南京 南京师范大学出版社 2015.04 |
|
| 页数: | 196页 | |
| 开本: | 26cm | |
| 丛书名: | ||
| 单 册: | ||
| 中图分类: | G423.04 | |
| 科图分类: | ||
| 主题词: | 课程--教学研究--文集 | |
| 电子资源: | ||
| ISBN: | 978-7-5651-2002-2 | |
| 000 | 01050nam0 2200265 450 | |
| 001 | 0120151581134 | |
| 005 | 20160516093459.85 | |
| 010 | @a978-7-5651-2002-2@dCNY32.00 | |
| 100 | @a20150602d2015 em y0chiy50 ea | |
| 101 | 0 | @achi |
| 102 | @aCN@b320000 | |
| 105 | @ay z 000yy | |
| 106 | @ar | |
| 200 | 1 | @a课程与教学评论@9ke cheng yu jiao xue ping lun@h第6辑@f杨启亮,李如密主编@g《课程与教学评论》编委会[编] |
| 210 | @a南京@c南京师范大学出版社@d2015.04 | |
| 215 | @a196页@d26cm | |
| 330 | @a本书从八个方面阐述了课程与教学中的最新成果,内容主要包括:问题与思考:普通学校里面教育科学研究;学校发展与教学改革问题;教学行动研究:旨趣、问题与应付;教学过程的进路:工具与探究——基于Stacy老师教学公开课的教学理解等。 | |
| 333 | @a教育研究人员 | |
| 606 | 0 | @a课程@x教学研究@j文集 |
| 690 | @aG423.04@v5 | |
| 701 | 0 | @a杨启亮@9yang qi liang@4主编 |
| 701 | 0 | @a李如密@9li ru mi@4主编 |
| 712 | 02 | @a课程与教学评论编委会@9ke cheng yu jiao xue ping lun bian wei hui@4编 |
| 801 | 0 | @aCN@b人天书店@c20150602 |
| 905 | @b877414-19@dG423.04@e274@f6 | |
| 课程与教学评论.第6辑/杨启亮,李如密主编/《课程与教学评论》编委会[编].-南京:南京师范大学出版社,2015.04 |
| 196页;26cm |
| 使用对象:教育研究人员 |
| ISBN 978-7-5651-2002-2:CNY32.00 |
| 本书从八个方面阐述了课程与教学中的最新成果,内容主要包括:问题与思考:普通学校里面教育科学研究;学校发展与教学改革问题;教学行动研究:旨趣、问题与应付;教学过程的进路:工具与探究——基于Stacy老师教学公开课的教学理解等。 |
| ● |
| 相关链接 |
|
|
|
|
正题名:课程与教学评论
索取号:G423.04/274
 
预约/预借
| 序号 | 登录号 | 条形码 | 馆藏地/架位号 | 状态 | 备注 |
| 1 | 877414 | 208774147 | 第一样本阅览室/ [索取号:G423.04/274] | 在馆 | |
| 2 | 877415 | 208774156 | 教育系资料室/ [索取号:G423.04/274] | 在馆 | |
| 3 | 877416 | 208774165 | 教育系资料室/ [索取号:G423.04/274] | 在馆 | |
| 4 | 877417 | 208774174 | 教育系资料室/ [索取号:G423.04/274] | 在馆 | |
| 5 | 877418 | 208774183 | 第四借阅区/ [索取号:G423.04/274] | 在馆 | |
| 6 | 877419 | 208774192 | 第四借阅区/ [索取号:G423.04/274] | 在馆 |